Culture and anarchy / (رقم التسجيلة. 19124)

تفاصيل مارك
000 -الفاتح
حقل البيانات ثابتة الطول 01266cam a2200373 a 4500
001 - رقم الضبط
رقم الضبط 16123230
003 - محدد رقم الضبط
رقم الضبط OSt
005 - وقت وتاريخ اخر تعامل مع التسجيلة
رقم الضبط 20150408113952.0
008 - عناصر البيانات ثابتة الطول - معلومات عامة
حقل البيانات ثابتة الطول 111203r20092006enk b 000 0 eng
010 ## - رقم ضبط مكتبة الكونجرس
رقم ضبط مكتبة الكونجرس 2010291203
015 ## - رقم الببليوجرافية الوطنية
رقم الببليوجرافية الوطنية GBA8C5838
المصدر bnb
016 7# - رقم ضبط الوكاله الوطنية للضبط الببليوجرافي
رقم ضبط التسجيلة 014793721
المصدر Uk
020 ## - الرقم الدولى المعيارى للكتب
الرقم الدولى المعيارى للكتاب 9780199538744 (pbk.)
020 ## - الرقم الدولى المعيارى للكتب
الرقم الدولى المعيارى للكتاب 0199538743 (pbk.)
035 ## - رقم ضبط النظام
رقم ضبط النظام (OCoLC)ocn269433604
040 ## - مصدر الفهرسة
وكالة الفهرسة الأصلية UKM
وكالة النسخ UKM
وكالة التعديل YDXCP
-- DLC
042 ## - رمز التحقق
رمز التحقق ukblcatcopy
-- lccopycat
043 ## - رمز المنطقة الجغرافية
رمز المنطقة الجغرافية e-uk---
050 00 - رقم طلب مكتبة الكونجرس
رقم التصنيف HN389
رقم المادة .A72 2006
082 04 - رقم تصنيف ديوى العشرى
رقم التصنيف 306.0941 A M C
رقم الطبعة 22
100 1# - المدخل الرئيسى - إسم شخصى
الإسم الشخصى Arnold, Matthew,
التواريخ المصاحبة للاسم 1822-1888.
9 (RLIN) 6851
245 10 - بيان العنوان
العنوان Culture and anarchy /
بيان المسئوليه,etc Matthew Arnold ; edited with an introduction and notes by Jane Garnett.
250 ## - بيان الطبعة
بيان الطبعة New ed.
260 ## - PUBLICATION, DISTRIBUTION, ETC. (IMPRINT)
مكان الناشر او الموزع Oxford :
اسم الناشر او الموزع Oxford University Press,
تاريخ النشر أو التوزيع 2009.
300 ## - الوصف المادى
التعداد xl, 221 p. ;
أبعاد الوعاء 20 cm.
440 #0 - بيان السلسلة/مدخل إضافى-العنوان
العنوان Oxford world's classics
9 (RLIN) 6792
504 ## - تبصرة ببليوجرافية
تبصرة ببليوجرافية,الخ Includes bibliographical references.
650 #0 - المدخل الاضافى بالموضوع-مصطلح موضوعى
مصطلح موضوعي أو اسم جغرافي كعنصر مدخل Culture.
651 #0 - المدخل الاضافى بالموضوع - اسم جغرافى
الاسم الجغرافي Great Britain
التقسيم الفرعي العام Social conditions
التقسيم الفرعي الزمني 19th century.
9 (RLIN) 6852
700 1# - المدخل الاضافى - اسم شخصى
الإسم الشخصى Garnett, Jane.
9 (RLIN) 6853
906 ## - عنصر بيانات محلى F, LDF (RLIN)
a 7
b cbc
c copycat
d 2
e ncip
f 20
g y-gencatlg
942 ## - عناصر المدخل الإضافي( كوها)
مصدر التصنيف او مخطط الترفيف Dewey Decimal Classification
Koha [default] item type DVD
المقتنيات
حالة الفقد نموذج السعر الفعال حالة تلف ليس للاعارة رقم الطلب رقم النسخة تاريخ الاكتساب الموقع الحالي الباركود الفرع الرئيسي Date last seen نوع المادة فى نظام كوها مصدر التصنيف او خطة الترفيف Total Checkouts
  2013-03-10     306.0941 A M C 1 2011-12-03 قسم الاجراءات الفنية (IC) 00101208 قسم الاجراءات الفنية (IC) 2013-03-10 كتاب Dewey Decimal Classification  
  2013-03-10     306.0941 A M C 2 2011-12-03 قسم الاجراءات الفنية (IC) 00101209 قسم الاجراءات الفنية (IC) 2013-03-10 كتاب Dewey Decimal Classification